[Event "Krakow Malopolski Cup"]
[Site "Krakow"]
[Date "2022.08.08"]
[Round "7"]
[White "Kuczmik, Pawel"]
[Black "Morczynski, Joachim"]
[Result "1-0"]
[WhiteElo "1426"]
[BlackElo "1706"]
[PlyCount "101"]
[EventDate "2022.08.04"]
[EventType "swiss"]
[EventRounds "9"]
[EventCountry "POL"]
[SourceTitle "CBM 209 Extra"]
[Source "ChessBase"]
[SourceDate "2022.09.30"]
[SourceVersion "1"]
[SourceVersionDate "2022.09.30"]
[SourceQuality "1"]

1. d4 Nf6 2. Nc3 g6 3. e4 d6 4. Bg5 Bg7 5. e5 dxe5 6. dxe5 Qxd1+ 7. Rxd1 Ng4 8. Nd5 Bxe5 9. Nf3 Bd6 10. Bxe7 Bxe7 11. Nxc7+ Kf8 12. Nxa8 Nc6 13. Nc7 Bc5 14. Rd2 Kg7 15. h3 Nf6 16. c3 Bb6 17. Nd5 Re8+ 18. Ne3 Bxe3 19. fxe3 Ne4 20. Rd1 Ng3 21. Rg1 Be6 22. Bd3 Bxa2 23. Kf2 Ne4+ 24. Bxe4 Rxe4 25. Rd7 Na5 26. Nd2 Re5 27. Rc7 Rb5 28. b4 Nc6 29. Ra1 Be6 30. Nf3 Kf8 31. Nd4 Nxd4 32. exd4 a6 33. Ke3 Ke8 34. Rf1 Kd8 35. Rc5 Rxc5 36. bxc5 Bc4 37. Rf6 a5 38. Rb6 Kc7 39. g3 Be6 40. h4 a4 41. Rb4 a3 42. Ra4 a2 43. Kd3 Bf5+ 44. Kc4 Bb1 45. d5 f6 46. Kb3 g5 47. hxg5 fxg5 48. Kb2 h5 49. Ra8 Bd3 50. d6+ Kd7 51. Kxa2 1-0

[Event "Warsaw Najdorf Memorial op-B"]
[Site "Warsaw"]
[Date "2022.07.17"]
[Round "9"]
[White "Kobus, Stanislaw"]
[Black "Morczynski, Joachim"]
[Result "0-1"]
[WhiteElo "1427"]
[BlackElo "1762"]
[PlyCount "66"]
[EventDate "2022.07.09"]
[EventType "swiss"]
[EventRounds "9"]
[EventCountry "POL"]
[SourceTitle "CBM 209 Extra"]
[Source "ChessBase"]
[SourceDate "2022.09.30"]
[SourceVersion "1"]
[SourceVersionDate "2022.09.30"]
[SourceQuality "1"]

1. c4 c5 2. Nf3 Nc6 3. g3 g6 4. Nc3 Nf6 5. b3 Bg7 6. Bb2 0-0 7. Bg2 d6 8. 0-0 Bd7 9. d3 Qc8 10. Qd2 Bh3 11. Nd5 Bxg2 12. Kxg2 Nxd5 13. Bxg7 Kxg7 14. cxd5 Nb4 15. e4 a5 16. a3 Na6 17. Qxa5 Nb4 18. Qb5 Nc2 19. a4 Nxa1 20. Rxa1 Qc7 21. a5 Ra6 22. Nd2 Rfa8 23. Nc4 R8a7 24. h4 Qd8 25. Rh1 Rxa5 26. Nxa5 Qxa5 27. Qe8 Qd2 28. h5 Ra2 29. h6+ Kf6 30. Qh8+ Kg5 31. Rf1 Qxd3 32. Qxh7 Kg4 33. Kg1 Qf3 0-1

[Event "BL2-Nord 2122"]
[Site "Germany"]
[Date "2022.07.03"]
[Round "10.7"]
[White "Morczynski, Joachim"]
[Black "Rudolf, Henrik"]
[Result "0-1"]
[WhiteElo "1763"]
[BlackElo "2278"]
[PlyCount "62"]
[EventDate "2022.03.05"]
[EventType "team-tourn"]
[EventRounds "10"]
[EventCountry "GER"]
[SourceTitle "EXT 2023"]
[Source "ChessBase"]
[SourceDate "2022.10.05"]
[SourceVersion "1"]
[SourceVersionDate "2022.10.05"]
[SourceQuality "1"]
[WhiteTeam "Zehlendorf"]
[BlackTeam "Berlin SF II"]
[WhiteTeamCountry "GER"]
[BlackTeamCountry "GER"]

1. e4 c5 2. d4 cxd4 3. c3 Nf6 4. e5 Nd5 5. Qxd4 e6 6. Nf3 Nc6 7. Qc4 f5 8. exf6 Nxf6 9. Qe2 b6 10. g3 a5 11. Bg2 Ba6 12. c4 Bb4+ 13. Bd2 Rc8 14. 0-0 Qe7 15. a3 Bc5 16. b4 Nd4 17. Qd3 Nxf3+ 18. Qxf3 Bd4 19. Bc3 Bxc3 20. Nxc3 Bxc4 21. Rfc1 0-0 22. Qe3 axb4 23. axb4 b5 24. Qg5 Qxb4 25. Rab1 Qc5 26. Qd2 Rb8 27. Ne4 Nxe4 28. Bxe4 d5 29. Bc2 Rf6 30. Bb3 Rbf8 31. Bxc4 bxc4 0-1

[Event "GER Cup Net V3 U2000"]
[Site "Playchess.com INT"]
[Date "2020.05.27"]
[Round "7"]
[White "Morczynski, Joachim"]
[Black "Powalla, Christian"]
[Result "0-1"]
[WhiteElo "1560"]
[BlackElo "1727"]
[PlyCount "88"]
[EventDate "2020.05.27"]
[EventType "swiss (blitz)"]
[EventRounds "9"]
[EventCountry "GER"]
[SourceTitle "EXT 2021"]
[Source "ChessBase"]
[SourceDate "2020.10.23"]
[SourceVersion "1"]
[SourceVersionDate "2020.10.23"]
[SourceQuality "1"]

1. e4 e5 2. Nf3 Nc6 3. Bc4 Nf6 4. Ng5 d5 5. exd5 Na5 6. Bb5+ c6 7. dxc6 bxc6 8. Be2 h6 9. Nh3 Bd6 10. d3 0-0 11. Ng1 Qc7 12. Nf3 Ba6 13. 0-0 Rad8 14. Nc3 e4 15. Nd2 Bxh2+ 16. Kh1 exd3 17. Bxd3 Rfe8 18. Bxa6 Bf4 19. Nc4 Rxd1 20. Rxd1 Bxc1 21. Raxc1 Nxc4 22. Bxc4 Qf4 23. Bd3 Ng4 24. g3 Qxf2 25. Rd2 Qxd2 26. Ne2 Rxe2 27. Bxe2 Qxc1+ 28. Kg2 Qd2 29. Kf3 Ne5+ 30. Kf2 Qxc2 31. Kf1 Qxb2 32. g4 Qd4 33. g5 hxg5 34. a4 Qf4+ 35. Ke1 Ng4 36. a5 f5 37. a6 Qf2+ 38. Kd1 Ne3+ 39. Kd2 f4 40. Kd3 g4 41. Kd2 f3 42. Kc1 Qxe2 43. Kb1 Nc4 44. Kc1 Qd2+ 0-1

[Event "GER Cup Net V2 U2000"]
[Site "Playchess.com INT"]
[Date "2020.05.22"]
[Round "8"]
[White "Morczynski, Joachim"]
[Black "Engel, Frank"]
[Result "1/2-1/2"]
[WhiteElo "1571"]
[BlackElo "1667"]
[PlyCount "113"]
[EventDate "2020.05.22"]
[EventType "swiss (blitz)"]
[EventRounds "9"]
[EventCountry "GER"]
[SourceTitle "EXT 2021"]
[Source "ChessBase"]
[SourceDate "2020.10.23"]
[SourceVersion "1"]
[SourceVersionDate "2020.10.23"]
[SourceQuality "1"]

1. e4 c5 2. Nf3 d6 3. d4 cxd4 4. Qxd4 Nf6 5. Bg5 e5 6. Bb5+ Nc6 7. Qd3 Bd7 8. Bxc6 bxc6 9. Nc3 h6 10. Bh4 Bg4 11. 0-0-0 g5 12. Bg3 Be6 13. h4 g4 14. Nd2 h5 15. Nc4 Bxc4 16. Qxc4 Qb6 17. Rhe1 Rb8 18. b3 Qb4 19. Qxc6+ Nd7 20. Bxe5 Rh6 21. Nd5 Qa3+ 22. Bb2 Qc5 23. Nc7+ Kd8 24. Qxc5 Nxc5 25. Nd5 Re6 26. Bf6+ Kd7 27. e5 Bh6+ 28. Kb1 Na6 29. exd6 Rxd6 30. Nc3 Nb4 31. Rxd6+ Kxd6 32. Be7+ Kd7 33. Bxb4 Rxb4 34. Re7+ Kxe7 35. Nd5+ Kf8 36. Nxb4 a5 37. Nc6 Bd2 38. c4 f5 39. Kc2 Be1 40. a3 Bxf2 41. Nxa5 Bxh4 42. c5 Ke8 43. c6 Kd8 44. b4 Kc7 45. b5 Bf2 46. Nc4 h4 47. Kd2 h3 48. Ke2 Bc5 49. gxh3 gxh3 50. Kf3 h2 51. Kg2 Bg1 52. a4 f4 53. Ne5 Kb6 54. Nd7+ Kc7 55. Ne5 Kb6 56. Nc4+ Kc7 57. Ne5 1/2-1/2

[Event "GER Cup Net V1 U2000"]
[Site "Playchess.com INT"]
[Date "2020.05.19"]
[Round "5"]
[White "Sommer, Justus"]
[Black "Morczynski, Joachim"]
[Result "1-0"]
[WhiteElo "1731"]
[BlackElo "1591"]
[PlyCount "73"]
[EventDate "2020.05.19"]
[EventType "swiss (blitz)"]
[EventRounds "9"]
[EventCountry "GER"]
[SourceTitle "EXT 2021"]
[Source "ChessBase"]
[SourceDate "2020.10.23"]
[SourceVersion "1"]
[SourceVersionDate "2020.10.23"]
[SourceQuality "1"]

1. e4 c5 2. Nf3 Nc6 3. Bb5 a6 4. Bxc6 bxc6 5. d3 g6 6. Nc3 Bg7 7. h3 d6 8. 0-0 Nf6 9. Qd2 0-0 10. b3 d5 11. Rb1 a5 12. Ba3 Qb6 13. Na4 Qb5 14. Rfe1 Rd8 15. Qe3 d4 16. Qd2 Nd7 17. Qe2 e5 18. Nd2 Bh6 19. Rbd1 Bf8 20. Nc4 Nb8 21. Rf1 Be6 22. Nxe5 Nd7 23. Nxd7 Rxd7 24. f4 f5 25. exf5 Bxf5 26. g4 Re7 27. Qf2 Bc8 28. Bxc5 Rf7 29. Bxf8 Rxf8 30. Qxd4 Bb7 31. Nc5 Rad8 32. Qf2 Rd5 33. c4 Qxc5 34. cxd5 Qxf2+ 35. Rxf2 cxd5 36. d4 Re8 37. f5 1-0

[Event "GER Cup Net V1 U2000"]
[Site "Playchess.com INT"]
[Date "2020.05.19"]
[Round "3"]
[White "Zhou, Lepu Coco"]
[Black "Morczynski, Joachim"]
[Result "0-1"]
[WhiteElo "1703"]
[BlackElo "1573"]
[PlyCount "122"]
[EventDate "2020.05.19"]
[EventType "swiss (blitz)"]
[EventRounds "9"]
[EventCountry "GER"]
[SourceTitle "EXT 2021"]
[Source "ChessBase"]
[SourceDate "2020.10.23"]
[SourceVersion "1"]
[SourceVersionDate "2020.10.23"]
[SourceQuality "1"]

1. e4 c5 2. Nf3 Nc6 3. d4 cxd4 4. Nxd4 Nf6 5. Nc3 e6 6. Be3 Be7 7. Be2 0-0 8. 0-0 a6 9. f3 d5 10. Qd2 Bb4 11. Rad1 dxe4 12. Nxc6 Qxd2 13. Bxd2 bxc6 14. Nxe4 Bxd2 15. Nxf6+ gxf6 16. Rxd2 e5 17. Rfd1 Be6 18. Rd6 Rab8 19. b3 Rfc8 20. Bxa6 Rc7 21. Rd8+ Rxd8 22. Rxd8+ Kg7 23. Kf2 Ra7 24. Bd3 Rxa2 25. Ke3 Ra1 26. Rd6 c5 27. Rc6 Rh1 28. h3 Rg1 29. Kf2 Rc1 30. Rxc5 Bxb3 31. Rc3 Be6 32. Rc7 f5 33. c4 e4 34. Be2 Rc2 35. fxe4 fxe4 36. Ke3 Kf6 37. c5 Ke5 38. Bf1 Rc3+ 39. Kd2 Ra3 40. c6 Ra2+ 41. Kc3 Ra3+ 42. Kb4 Rb3+ 43. Ka5 Kd6 44. Rb7 Rc3 45. Bb5 Rc5 46. Kb6 Rc1 47. c7 Bc8 48. Rb8 Rxc7 49. Be8 e3 50. Ka5 e2 51. Rb6+ Ke7 52. Rb1 Ra7+ 53. Kb4 Rb7+ 54. Bb5 Bd7 55. Re1 Bxb5 56. Kc3 Ke6 57. g4 Ke5 58. g5 Kf4 59. Kd2 Kf3 60. Rxe2 Bxe2 61. h4 Rb4 0-1

[Event "GER-ch U18 sf Berlin Online"]
[Site "Playchess.com INT"]
[Date "2020.05.01"]
[Round "12"]
[White "Buchinger, Alexis"]
[Black "Morczynski, Joachim"]
[Result "1-0"]
[WhiteElo "1620"]
[BlackElo "1519"]
[PlyCount "103"]
[EventDate "2020.05.01"]
[EventType "swiss (blitz)"]
[EventRounds "13"]
[EventCountry "GER"]
[SourceTitle "CBM 195 Extra"]
[Source "ChessBase"]
[SourceDate "2020.05.31"]
[SourceVersion "1"]
[SourceVersionDate "2020.05.31"]
[SourceQuality "1"]

1. e4 d6 2. d4 Nf6 3. Nc3 g6 4. Bg5 Bg7 5. Nf3 0-0 6. Bxf6 exf6 7. Bd3 Re8 8. 0-0 f5 9. exf5 Bxf5 10. Bxf5 gxf5 11. Re1 Nc6 12. Rxe8+ Qxe8 13. d5 Ne5 14. Nd4 c5 15. Nxf5 Qd7 16. Nxg7 Kxg7 17. Ne4 Re8 18. Qh5 Kf8 19. Nf6 Qg4 20. Qxg4 Nxg4 21. Nxe8 Kxe8 22. Re1+ Kd7 23. Re4 Ne5 24. c4 b6 25. a4 f6 26. b3 a6 27. Rf4 Ke7 28. Rh4 Nf7 29. Rxh7 a5 30. Rh3 Ne5 31. Rh7+ Nf7 32. h4 Kf8 33. f4 Kg8 34. Rxf7 Kxf7 35. g4 Kg6 36. Kg2 f5 37. Kg3 fxg4 38. Kxg4 Kh6 39. h5 Kg7 40. Kg5 Kf7 41. f5 Kg7 42. f6+ Kg8 43. Kg6 Kh8 44. h6 b5 45. axb5 a4 46. bxa4 Kg8 47. Kf5 Kf8 48. h7 Kf7 49. b6 Kf8 50. h8Q+ Kf7 51. Qg7+ Ke8 52. Qe7# 1-0

[Event "GER-ch Net Amateur Gr-B Vor3"]
[Site "Playchess.com INT"]
[Date "2020.04.16"]
[Round "2"]
[White "Morczynski, Joachim"]
[Black "Berger, Juergen"]
[Result "0-1"]
[WhiteElo "1395"]
[BlackElo "1713"]
[PlyCount "164"]
[EventDate "2020.04.16"]
[EventType "swiss (blitz)"]
[EventRounds "9"]
[EventCountry "GER"]
[SourceTitle "CBM 195 Extra"]
[Source "ChessBase"]
[SourceDate "2020.05.31"]
[SourceVersion "1"]
[SourceVersionDate "2020.05.31"]
[SourceQuality "1"]

1. e4 e6 2. d4 d5 3. Nc3 Nc6 4. exd5 exd5 5. Nf3 Nf6 6. Bb5 Bd6 7. 0-0 0-0 8. Bg5 Be7 9. Bxc6 bxc6 10. Ne5 Bd7 11. Nxd7 Nxd7 12. Bxe7 Qxe7 13. Re1 Qd6 14. Qf3 Rfe8 15. h3 Nf6 16. Na4 Qb4 17. Nc3 Qxb2 18. Rab1 Qxc2 19. Rec1 Qd2 20. Rd1 Qg5 21. Na4 h6 22. Nc5 Ne4 23. Nxe4 Rxe4 24. Rb7 Rae8 25. Rxc7 Re1+ 26. Rxe1 Rxe1+ 27. Kh2 Qg6 28. Qc3 Qd6+ 29. Qg3 Qxg3+ 30. Kxg3 Re2 31. Rxa7 Rd2 32. Ra4 g5 33. Kf3 Kg7 34. Ke3 Rc2 35. g3 Kg6 36. f4 Rc3+ 37. Kf2 gxf4 38. gxf4 Kf5 39. Ra7 f6 40. Rh7 Kxf4 41. Rxh6 f5 42. a4 Rc2+ 43. Ke1 Rc4 44. a5 Rxd4 45. Rxc6 Ra4 46. a6 d4 47. Rd6 Ke3 48. Kd1 d3 49. h4 Rxh4 50. Kc1 Ra4 51. Re6+ Kf2 52. Rd6 Ke3 53. Re6+ Kf4 54. Rd6 Ke4 55. Re6+ Kd5 56. Re3 Kd4 57. Re6 f4 58. Rf6 Ke3 59. Re6+ Kf2 60. Rd6 Ra3 61. a7 Rxa7 62. Rxd3 Re7 63. Kd2 f3 64. Ra3 Rd7+ 65. Kc3 Kg2 66. Ra8 f2 67. Rg8+ Kf1 68. Kc2 Rd5 69. Rf8 Ke2 70. Re8+ Kf3 71. Rf8+ Ke3 72. Re8+ Kf4 73. Rf8+ Rf5 74. Re8 f1Q 75. Kc3 Rc5+ 76. Kb4 Qc4+ 77. Ka3 Rb5 78. Rf8+ Ke5 79. Rf5+ Ke6 80. Rf6+ Ke7 81. Re6+ Qxe6 82. Ka4 Qb3# 0-1

[Event "GER-ch Net Amateur Gr-B Vor2"]
[Site "Playchess.com INT"]
[Date "2020.04.15"]
[Round "4"]
[White "Morczynski, Joachim"]
[Black "Kurzynsky, Mirko"]
[Result "1/2-1/2"]
[WhiteElo "1317"]
[BlackElo "1628"]
[PlyCount "92"]
[EventDate "2020.04.15"]
[EventType "swiss (blitz)"]
[EventRounds "9"]
[EventCountry "GER"]
[SourceTitle "CBM 196 Extra"]
[Source "ChessBase"]
[SourceDate "2020.07.31"]
[SourceVersion "1"]
[SourceVersionDate "2020.07.31"]
[SourceQuality "1"]

1. e4 c5 2. Nf3 Nc6 3. Bb5 Nf6 4. e5 Ng4 5. Bxc6 dxc6 6. h3 Nh6 7. 0-0 g6 8. d3 Bg7 9. Re1 Nf5 10. Nc3 Nd4 11. Ne4 b6 12. Nxd4 Qxd4 13. Nd2 0-0 14. Nf3 Qd5 15. Bf4 Ba6 16. Qd2 Rad8 17. Rad1 Bc8 18. Kh2 a5 19. Bh6 Qxa2 20. Bxg7 Kxg7 21. Qg5 Qe6 22. Qh4 h6 23. Re4 Rfe8 24. Rde1 Qd5 25. Rd1 Bf5 26. Ree1 b5 27. Qg3 Qe6 28. Nh4 Rd5 29. Nxf5+ Qxf5 30. Re4 Red8 31. Rde1 a4 32. e6 fxe6 33. Rxe6 R5d6 34. Rxe7+ Kg8 35. Re8+ Rxe8 36. Rxe8+ Kf7 37. Qxd6 Kxe8 38. Qxc6+ Kf7 39. Qxb5 Qf4+ 40. Kg1 Qc1+ 41. Kh2 Qf4+ 42. g3 Qxf2+ 43. Kh1 Qf1+ 44. Kh2 Qf2+ 45. Kh1 Qf1+ 46. Kh2 Qf2+ 1/2-1/2

[Event "GER-ch Net Amateur Gr-B Vor2"]
[Site "Playchess.com INT"]
[Date "2020.04.15"]
[Round "3"]
[White "Morczynski, Joachim"]
[Black "Neuhoff, Laertes"]
[Result "1-0"]
[WhiteElo "1289"]
[BlackElo "1620"]
[PlyCount "153"]
[EventDate "2020.04.15"]
[EventType "swiss (blitz)"]
[EventRounds "9"]
[EventCountry "GER"]
[SourceTitle "CBM 196 Extra"]
[Source "ChessBase"]
[SourceDate "2020.07.31"]
[SourceVersion "1"]
[SourceVersionDate "2020.07.31"]
[SourceQuality "1"]

1. e4 c5 2. Nf3 Nc6 3. Bb5 d6 4. d4 cxd4 5. Qxd4 Bd7 6. Bxc6 Bxc6 7. Nc3 Nf6 8. Bg5 e6 9. 0-0-0 Be7 10. Qd3 0-0 11. Kb1 h6 12. Bh4 Rc8 13. Nd4 Nxe4 14. Nxe4 Bxh4 15. Nxc6 Rxc6 16. g3 Be7 17. h4 d5 18. Nd2 Qb6 19. g4 Qxf2 20. g5 Qf5 21. Qxf5 exf5 22. gxh6 Rxh6 23. Nf3 Rd8 24. Rde1 Bd6 25. Rhg1 g6 26. a3 a6 27. Ka2 Kg7 28. Kb3 Rhh8 29. Rd1 Bb8 30. Rd2 Rhe8 31. h5 Re3+ 32. Rd3 Rxd3+ 33. cxd3 Rd7 34. Nh4 Rd6 35. hxg6 fxg6 36. Nxf5+ Kf7 37. Nxd6+ Bxd6 38. Kc3 b6 39. Kd4 Kf6 40. Rf1+ Kg5 41. Kxd5 Bc5 42. Rc1 a5 43. Rxc5 bxc5 44. Kxc5 Kf4 45. d4 g5 46. d5 g4 47. d6 g3 48. d7 g2 49. d8Q g1Q+ 50. Qd4+ Qxd4+ 51. Kxd4 Kf5 52. Kc4 Ke6 53. Kb5 Kd6 54. Kxa5 Kc5 55. b4+ Kc6 56. b5+ Kb7 57. a4 Ka7 58. Kb4 Kb6 59. a5+ Kb7 60. Kc5 Ka7 61. a6 Ka8 62. b6 Kb8 63. Kc6 Ka8 64. Kd7 Kb8 65. b7 Ka7 66. Kc8 Kxa6 67. b8Q Ka5 68. Qb7 Ka4 69. Qb6 Ka3 70. Qb5 Ka2 71. Qb4 Ka1 72. Kc7 Ka2 73. Kc6 Ka1 74. Kc5 Ka2 75. Kc4 Ka1 76. Kc3 Ka2 77. Qb2# 1-0

[Event "GER-ch Net Amateur Gr-B Vor1"]
[Site "Playchess.com INT"]
[Date "2020.04.14"]
[Round "3"]
[White "Mischke, Christian"]
[Black "Morczynski, Joachim"]
[Result "1-0"]
[WhiteElo "1620"]
[BlackElo "1231"]
[PlyCount "39"]
[EventDate "2020.04.14"]
[EventType "swiss (blitz)"]
[EventRounds "9"]
[EventCountry "GER"]
[SourceTitle "EXT 2021"]
[Source "ChessBase"]
[SourceDate "2020.10.23"]
[SourceVersion "1"]
[SourceVersionDate "2020.10.23"]
[SourceQuality "1"]

1. d4 Nf6 2. Nf3 g6 3. e3 Bg7 4. c4 d6 5. Nc3 0-0 6. Bd3 Nbd7 7. 0-0 e5 8. Re1 b6 9. dxe5 dxe5 10. Ne4 Bb7 11. Qc2 Nxe4 12. Bxe4 Bxe4 13. Qxe4 Nc5 14. Qc2 e4 15. Nd2 Qd3 16. Qxd3 Nxd3 17. Rd1 f5 18. Rb1 Rad8 19. b3 Rd7 20. Kf1 1-0

[Event "Berlin Spandau op"]
[Site "Berlin"]
[Date "2019.12.28"]
[Round "4"]
[White "Teichert, Felix"]
[Black "Morczynski, Joachim"]
[Result "1-0"]
[WhiteElo "2008"]
[BlackElo "1780"]
[PlyCount "93"]
[EventDate "2019.12.27"]
[EventType "swiss"]
[EventRounds "7"]
[EventCountry "GER"]
[SourceTitle "CBM 194 Extra"]
[Source "ChessBase"]
[SourceDate "2020.03.31"]
[SourceVersion "1"]
[SourceVersionDate "2020.03.31"]
[SourceQuality "1"]

1. b3 Nf6 2. Bb2 g6 3. g3 Bg7 4. Bg2 0-0 5. Nf3 d6 6. d4 c6 7. 0-0 Nbd7 8. c4 Qc7 9. Nc3 e5 10. Qc2 Re8 11. dxe5 Nxe5 12. Rad1 Nxf3+ 13. Bxf3 Bh3 14. Rfe1 Rad8 15. Rd2 d5 16. cxd5 cxd5 17. Na4 Qxc2 18. Rxc2 Rc8 19. Rec1 Ne4 20. Bxg7 Kxg7 21. Bg2 Rxc2 22. Rxc2 Rc8 23. Rxc8 Bxc8 24. f3 Nd2 25. Nc3 d4 26. Nb5 Nb1 27. Nxd4 Nc3 28. a4 Kf6 29. Kf2 Nd1+ 30. Ke1 Ne3 31. Bh1 Ke5 32. Nb5 g5 33. Nxa7 Be6 34. Kd2 Nf1+ 35. Kc3 Nxh2 36. f4+ gxf4 37. gxf4+ Kxf4 38. Bxb7 Ke3 39. a5 Kxe2 40. a6 Ng4 41. Nc6 Nf6 42. Nd4+ Ke3 43. Nxe6 fxe6 44. a7 Nd5+ 45. Bxd5 exd5 46. a8Q d4+ 47. Kc2 1-0